00277nam a22000977a 4500008004100000082001300041100001900054245005300073260004500126300000800171230621b xxu||||| |||| 00| 0 eng d a328bMIR cOkumba Miruka  aParliamentary Survey Final Report September 2004 aKenyabFederation of Women Lawyersc2004 a72p